Estatísticas para Os 15 principais países afetados pela Covid-19 - 31 janeiro

Clique aqui para jogar o quiz

Estatísticas Gerais

  • Esse quiz foi jogado 16 vezes
  • A pontuação média é 16 de 28

Estatísticas das Respostas

país% Correto
Brasil
100%
Espanha
100%
Estados Unidos
100%
Itália
100%
Argentina
92%
México
92%
Reino Unido
92%
Alemanha
83%
França
83%
Índia
83%
Portugal
83%
Rússia
83%
África do Sul
75%
Bélgica
58%
Colômbia
58%
Países Baixos
58%
Polônia
58%
Suíça
42%
Turquia
42%
Israel
33%
Croácia
25%
Eslovénia
17%
Armênia
8%
Chequia
8%
Geórgia
8%
Lituânia
8%
Panamá
8%
Bahrein
0%

Distribuição das Pontuações

Percentil de Números Respondidos

Porcentagem de Pessoas com Cada Pontuação

Sua Pontuação Histórica

Você não jogou esse quiz